000 00335nam a22001097a 4500
082 _a382.609549 SBP
245 _aExport Receipts March 2006 /
_cEdited By State Bank of Pakistan
260 _aKarachi :
_bState Bank of Pakistan,
_c2006.
300 _a328 p. ;
_c24 cm.
942 _2ddc
_cBK
999 _c586063
_d586063